Statistics for Gæt FC Bayern München og II spillere (Dansk)

Click here to take the quiz!

General Stats

  • This quiz has been taken 24 times
  • The average score is 12 of 37

Answer Stats

LandSpiller% Correct
TysklandNeuer
90%
PolenLewandowski
85%
TysklandMüller
85%
TysklandKimmich
75%
CanadaDavies
70%
TysklandGoretzka
70%
ØstrigAlaba
65%
FrankrigComan
65%
TysklandBoateng
60%
TysklandGnabry
60%
TysklandSané
60%
TysklandSüle
55%
SpanienThiago
50%
Tyskland/EnglandMusiala
45%
FrankrigPavard
45%
FrankrigTolisso
35%
BrassilienCoutinho
30%
FrankrigHernándes
25%
TysklandUlreich
25%
HollandZirkzee
25%
TysklandArp
15%
TysklandNübel
15%
USARichards
15%
New zealandSingh
10%
TysklandFrüchtl
5%
FrankrigKoussi
5%
SpanienMartínes
5%
SpanienOdriozola
5%
TysklandArrey-Mbi
0%
FrankrigCuisance
0%
TysklandDajaku
0%
TysklandHoffland
0%
TysklandMai
0%
Tyskland/BrassilienMeier
0%
KroatienPeresic
0%
TysklandTillman
0%
TysklandWill
0%

Score Distribution

Percentile by Number Answered

Percent of People with Each Score

Your Score History

You have not taken this quiz